000 00585nam a2200181Ia 4500
008 100920s9999 xx 000 0 und d
082 _b104862
_a891.43 न 09
100 _aराजकमल.
245 _aउलझे रेशम के बीच.
260 _bभावना प्रकाशन,दिल्ली.
_c2009
300 _a136
_bसाधी
365 _b150
520 _aहिंदी.
630 _aउलझे रेशम के बीच.
650 _aहिंदी.
730 _aउलझे रेशम के बीच.
942 _cBOOK
999 _c745293
_d745290